| 000 | 00877nam a22002177a 4500 | ||
|---|---|---|---|
| 003 | OSt | ||
| 005 | 20200914105520.0 | ||
| 008 | 200914s2001 ck abcogr|||| 00| 0dspa d | ||
| 040 |
_aCO-JMCR _cCO-JMCR |
||
| 041 | 0 | _aspa | |
| 082 | 0 | 4 |
_223 _a303.66 / _bV483v |
| 245 | 0 | 3 | _aLa verdad del juego sucio de la paz / |
| 260 |
_a[lugar desconocido] : _b[Editorial desconocida], _c2001. |
||
| 300 |
_a118 páginas : _bilustraciones, mapas, retratos, fotografías a color ; _c23 cm. |
||
| 504 | _aBibliografía: página 119. | ||
| 505 | 0 | _aDelitos de lesa humanidad. -- Integrantes de la organización narcoterrorista FARC. -- Comunidad internacional frente al terrorismo colombiano | |
| 650 | 2 | 4 |
_aConflicto armado _xAspectos sociales _zColombia _910216 |
| 650 | 2 | 4 |
_aDelitos contra la persona _zColombia. _910088 |
| 650 | 2 | 4 |
_aDesplazamiento forzado _zColombia _98042 |
| 942 |
_2ddc _cBK |
||
| 999 |
_c6842 _d6842 |
||